000
00296nam a22001337a 4500
008
180802b xxu||||| |||| 00| 0 eng d
082
_a
813.52
245
_a
Elementary Statistics
_c
Triola,M.F
260
_c
2010
300
_a
1
_f
CD
440
_x
0321570766
760
_b
11th
942
_2
ddc
_c
MX
999
_c
46720
_d
46720